000 00407nam a2200181Ia 4500
001 19248
003 GE_BSU
008 181216s||||||||xx |||||||||||||| ||und||
040 _cGE_BSU
245 4 _aThe Economist.№9010. 2016
245 _b8TH-14TH
260 _aLondon
260 _c2016
300 _a83p,il,col,27cm.
653 _aThe Economist
653 _aპერიოდიკა
942 _cCR
999 _c52240
_d52240